00420nam a2200145Ia 4500008004100000041000900041082001800050100002300068245002500091260003000116300000800146650000800154999001700162952009500179230718s9999 xx 000 0 und d aEng. a343.54bHAN-D aHand Book/Pakistan 0adrawing distributing aPakistanbbooks pubc2000 a526 aLaw c30379d30379 00104070aSIRC-LbSIRC-Ld2023-07-18l0o343.54 HAN-Dp25330r2023-07-18w2023-07-18yBK